000 00447nam a22001937a 4500
003 MPLRDC
005 20220104143435.0
008 210129b ||||| |||| 00| 0 eng d
020 _a962-357-800-8
082 _a552.1 LRR
100 _a廖日荣
245 _a90年代大变局
_c
250 _a初版
260 _a
_b明报出版社
_c1995
300 _b
490 _a知识系列
650 _a国际经济
942 _cBK
_o552.1 LRR
999 _c39940
_d39930